Music Quiz

Random Music or Kpop Quiz

Guess My KPOP Bias Quiz Stats

 Plays Quiz not verified by Sporcle

Support Sporcle.
Go Orange.
Score 0/30 Timer 15:00
0 Plays Today
% Correct
TOP
96.5%
Sehun
95.6%
Key
93%
HyunA
89%
Joy
86.8%
Daniel
85.3%
Sana
83%
Dara
82%
IU
79.7%
Wonho
78.7%
Joshua
78.7%
Sunmi
78.3%
Jessi
76.6%
Victoria
75.8%
Donghae
75.4%
% Correct
Bora
72.1%
LE
72%
Hyoyeon
70.4%
Hongbin
69.8%
WinWIn
62.9%
Jinwoo
60.5%
Youngjae
60%
Changmin
57.8%
Hyunsik
57.4%
Chungha
55.9%
Jinhwan
54.9%
Doyeon
50.3%
Sungjong
48.4%
Youjin
32.3%
Seoyoung
14.3%

You're not logged in!

Compare scores with friends on all Sporcle quizzes.
OR
Log In

From the Vault

One-Word Books by Author

by MissHoneychurch

These authors know the meaning of "brevity is the soul of wit".
Remove Ads.
Support Sporcle.
Get the best of Sporcle when you Go Orange. This ad-free experience offers more features, more stats, and more fun while also helping to support Sporcle. Thank you for becoming a member.

Show Comments

Extras

Top Quizzes Today


Score Distribution

Your Account Isn't Verified!

In order to create a playlist on Sporcle, you need to verify the email address you used during registration. Go to your Sporcle Settings to finish the process.

Report this User

Report this user for behavior that violates our Community Guidelines.

Details: